[Event "Olimpiade 2014 - Open"]
[Site "Tromsø"]
[Date "08.08.2014"]
[Round "6.35"]
[Board "3"]
[White "Garcia Fuentes, Sergio Miguel"]
[Black "Holm, Kristian Stuvik"]
[Result "0-1"]
[BlackTitle "FM"]
[WhiteElo "2166"]
[BlackElo "2275"]
[WhiteTeam "Guatemala"]
[BlackTeam "Norway 3"]
[WhiteFideId "7300549"]
[BlackFideId "1508083"]
[EventDate "2014.08.02"]

1. d4 Nf6 2. Nf3 e6 3. Bg5 h6 4. Bh4 d6 5. e3 g5 6. Bg3 Nh5 7. Bd3 Bg7 8. c3 Nd7
9. Nbd2 Qe7 10. Qc2 Nb6 11. O-O-O Bd7 12. Ng1 O-O-O 13. Ne2 f5 14. f3 Nxg3 15.
hxg3 h5 16. Kb1 Kb8 17. e4 h4 18. Rde1 Qf7 19. exf5 exf5 20. f4 c5 21. dxc5 dxc5
22. Nc1 Ba4 23. b3 Bc6 24. Nc4 Nxc4 25. Bxc4 Qf6 26. Re5 gxf4 27. gxf4 Qg6 28.
Re2 Qg3 29. Rh3 Qxf4 30. Bd3 Rhf8 31. Rf2 Qg5 32. Ne2 Bxg2 33. Rh2 h3 34. Nf4
Qg3 35. Rhxg2 hxg2 36. Rxg2 Qxf4 37. Rxg7 Qe3 0-1

[Event "Olimpiade 2014 - Open"]
[Site "Tromsø"]
[Date "08.08.2014"]
[Round "6.35"]
[Board "4"]
[White "Mihajlov, Sebastian"]
[Black "Giron, David"]
[Result "1-0"]
[WhiteTitle "CM"]
[WhiteElo "2305"]
[BlackElo "2103"]
[WhiteTeam "Norway 3"]
[BlackTeam "Guatemala"]
[WhiteFideId "1512110"]
[BlackFideId "7300697"]
[EventDate "2014.08.02"]

1. d4 Nf6 2. Nf3 e6 3. c4 Bb4+ 4. Nbd2 O-O 5. e3 b6 6. Bd3 Bb7 7. a3 Bxd2+ 8.
Qxd2 d6 9. O-O Nbd7 10. Qc2 c5 11. b3 Qe7 12. Bb2 h6 13. Rad1 Rac8 14. Rfe1 Rfd8
15. e4 cxd4 16. Nxd4 Nc5 17. f3 a6 18. Bf1 Qc7 19. Qf2 Ncd7 20. Bd3 Ne5 21. Bb1
Nc6 22. Nxc6 Bxc6 23. e5 dxe5 24. Bxe5 Qe7 25. Rxd8+ Rxd8 26. Qxb6 Nd7 27. Qxc6
Nxe5 28. Qe4 Qc5+ 29. Kh1 Ng6 30. b4 Qf2 31. Rg1 Rd4 32. Qa8+ Kh7 33. Qa7 Kg8
34. Bxg6 fxg6 35. Qxa6 Qe2 36. h3 Rxc4 37. a4 Kh7 38. a5 Qc2 39. b5 Rb4 40. b6
Qa4 41. Qa7 Qb5 42. a6 Qxb6 43. Qxb6 Rxb6 44. Ra1 Rb8 45. a7 Ra8 46. Kg1 Kg8 47.
Kf2 Kf7 48. Ke3 Ke7 49. Kd4 Kd7 50. Ke5 g5 51. g4 Ke7 52. Ra2 Kd7 53. Ra6 Kc8
54. Kxe6 Kb7 55. Ra3 g6 56. Kf7 1-0

[Event "Olimpiade 2014 - Open"]
[Site "Tromsø"]
[Date "08.08.2014"]
[Round "6.36"]
[Board "1"]
[White "Hamal, Manish"]
[Black "Larrea, Manuel"]
[Result "0-1"]
[WhiteTitle "FM"]
[BlackTitle "FM"]
[WhiteElo "2068"]
[BlackElo "2333"]
[WhiteTeam "Nepal"]
[BlackTeam "Uruguay"]
[WhiteFideId "12300110"]
[BlackFideId "3000508"]
[EventDate "2014.08.02"]

1. e4 c5 2. Nf3 Nc6 3. d4 cxd4 4. c3 d5 5. exd5 Qxd5 6. cxd4 e5 7. Nc3 Bb4 8.
Bd2 Bxc3 9. bxc3 e4 10. c4 Qf5 11. d5 exf3 12. dxc6 Qe4+ 13. Be2 fxe2 14. Qxe2
Qxe2+ 15. Kxe2 bxc6 16. Bc3 Nf6 17. Bb4 Be6 18. Rac1 O-O-O 19. Bc5 Rhe8 20. f3
Bxc4+ 21. Kf2 Re2+ 22. Kg3 Be6 23. Bxa7 g5 24. h3 Rdd2 25. Rhg1 Nh5+ 26. Kh2 Nf4
27. a4 Bxh3 0-1

[Event "Olimpiade 2014 - Open"]
[Site "Tromsø"]
[Date "08.08.2014"]
[Round "6.36"]
[Board "2"]
[White "Lopez Azambuja, Nicolas"]
[Black "Rajbhandari, Rijendra"]
[Result "1-0"]
[WhiteTitle "FM"]
[WhiteElo "2255"]
[BlackElo "2061"]
[WhiteTeam "Uruguay"]
[BlackTeam "Nepal"]
[WhiteFideId "3003809"]
[BlackFideId "12300403"]
[EventDate "2014.08.02"]

1. d4 Nf6 2. c4 e6 3. Nc3 Bb4 4. e3 b6 5. Ne2 Ba6 6. a3 Bxc3+ 7. Nxc3 d5 8. b3
O-O 9. Be2 dxc4 10. bxc4 Nc6 11. a4 Na5 12. Ba3 Re8 13. Nb5 c6 14. Nd6 Re7 15.
c5 Bxe2 16. Qxe2 bxc5 17. dxc5 Nb3 18. Ra2 Qa5+ 19. Kf1 Qxa4 20. Qc2 Nd5 21. g3
Nb4 22. Qc4 Qxa3 23. Rxa3 Nd2+ 24. Ke2 Nxc4 25. Nxc4 f5 26. Rb1 Nd5 27. Rba1 Rb7
28. Ne5 Nb4 29. Rb3 Rc8 30. Nc4 Ra8 31. Ne5 Rab8 32. Rab1 a5 33. Nxc6 Rc8 34.
Nxa5 Rb5 35. Nc4 Rbxc5 36. Nb6 Nd5 37. Nxc8 Rxc8 38. Kd2 Kf7 39. Ra1 Kf6 40. Ra7
h5 41. Rbb7 g5 42. f4 g4 43. Rf7+ Kg6 44. Rg7+ Kh6 45. Rh7+ Kg6 46. Rag7+ Kf6
47. Rg5 Ra8 48. Rgxh5 Ne7 49. R5h6+ Ng6 50. Rc7 Ra2+ 51. Kc1 Ra6 52. Rhh7 e5 53.
Rhd7 exf4 54. exf4 Rb6 55. Kc2 Re6 56. Rf7# 1-0

[Event "Olimpiade 2014 - Open"]
[Site "Tromsø"]
[Date "08.08.2014"]
[Round "6.36"]
[Board "3"]
[White "Maharjan, Sajin"]
[Black "Muniz, Rafael"]
[Result "0-1"]
[WhiteElo "1980"]
[BlackElo "2272"]
[WhiteTeam "Nepal"]
[BlackTeam "Uruguay"]
[WhiteFideId "12301906"]
[BlackFideId "3000486"]
[EventDate "2014.08.02"]

1. e4 c5 2. Nf3 d6 3. d4 cxd4 4. Nxd4 Nf6 5. Nc3 a6 6. Be2 e5 7. Nb3 Be7 8. Bg5
Nbd7 9. Qd2 O-O 10. O-O Qc7 11. Rad1 b5 12. Bxf6 Nxf6 13. Nd5 Nxd5 14. Qxd5 Bb7
15. Qd3 Bc6 16. c3 a5 17. Na1 Qb7 18. f3 Rad8 19. Nc2 d5 20. exd5 Rxd5 21. Qf5
g6 22. Qg4 f5 23. Qg3 f4 24. Qe1 Rxd1 25. Bxd1 Bc5+ 26. Kh1 Re8 27. b4 axb4 28.
Nxb4 Bxb4 29. cxb4 Bd5 30. Qd2 Kg7 31. Qb2 Bc4 32. Be2 Bxe2 33. Qxe2 Qc6 34. Rd1
e4 35. fxe4 Qxe4 36. Qxb5 Qe1+ 37. Qf1 Qxb4 38. h3 Re3 39. Qa6 Qe4 40. Rd7+ Kh6
41. Qf6 Rxh3+ 42. Kg1 Qe1# 0-1

[Event "Olimpiade 2014 - Open"]
[Site "Tromsø"]
[Date "08.08.2014"]
[Round "6.36"]
[Board "4"]
[White "Coppola, Claudio"]
[Black "Shrestha, Keshav"]
[Result "1-0"]
[WhiteTitle "IM"]
[BlackTitle "CM"]
[WhiteElo "2190"]
[BlackElo "2137"]
[WhiteTeam "Uruguay"]
[BlackTeam "Nepal"]
[WhiteFideId "3001717"]
[BlackFideId "12300055"]
[EventDate "2014.08.02"]

1. d4 d5 2. Nf3 Nf6 3. c4 e6 4. g3 Bb4+ 5. Nbd2 O-O 6. Bg2 c6 7. O-O Nbd7 8. Qc2
Re8 9. Rd1 h6 10. e4 dxe4 11. Nxe4 Nxe4 12. Qxe4 Nf6 13. Qc2 Bd6 14. b3 Qa5 15.
Bb2 Ba3 16. Ne5 Bxb2 17. Qxb2 c5 18. dxc5 Qxc5 19. b4 Qc7 20. Qd4 Kf8 21. c5 Nd5
22. Nc4 Rd8 23. Nd6 b6 24. Bxd5 exd5 25. Qxd5 Be6 26. Qe5 bxc5 27. Qxc5 Qe7 28.
Rac1 Bxa2 29. Nc8 Raxc8 30. Qxc8 Re8 31. Qc5 g6 32. Rd7 Qxc5 33. bxc5 a6 34. Ra7
Bd5 35. Rxa6 Rc8 36. c6 Rc7 37. Rb6 Bf3 38. Rc3 Bd5 39. f3 Ke7 40. Rb7 Kd6 41.
Rd3 Rxc6 42. Rxf7 Ke6 43. Rg7 Ke5 44. h4 h5 45. Kf2 Ba2 46. Re7+ Kf6 47. Red7
Ke5 48. Ke3 Bb1 49. R3d5+ Ke6 50. Kf4 Rc4+ 51. Rd4 Rc6 52. Rb7 Ba2 53. Rdb4 Bc4
54. R4b6 Rxb6 55. Rxb6+ Kf7 56. Kg5 Bd3 57. Rb7+ 1-0

[Event "Olimpiade 2014 - Open"]
[Site "Tromsø"]
[Date "08.08.2014"]
[Round "6.37"]
[Board "1"]
[White "Gruenfeld, Yehuda"]
[Black "Gonzalez Zamora, Juan Carlos"]
[Result "0-1"]
[WhiteTitle "GM"]
[BlackTitle "GM"]
[WhiteElo "2448"]
[BlackElo "2544"]
[WhiteTeam "ICCD"]
[BlackTeam "Mexico"]
[WhiteFideId "2800020"]
[BlackFideId "3507548"]
[EventDate "2014.08.02"]

1. e4 c5 2. Nf3 Nc6 3. d4 cxd4 4. Nxd4 Nf6 5. Nc3 d6 6. Bg5 e6 7. Qd2 a6 8.
O-O-O Qb6 9. Bxf6 gxf6 10. Nb3 h5 11. Kb1 h4 12. f4 Bd7 13. Be2 O-O-O 14. Rhf1
Kb8 15. Rf3 Bc8 16. Qe1 Ne7 17. Rfd3 Ng6 18. Qf1 Bd7 19. a4 Be7 20. a5 Qa7 21.
Rd4 Rc8 22. Rb4 Ka8 23. Rb6 Rc6 24. Na4 Bd8 25. Rb4 Qe3 26. e5 fxe5 27. Re4 Qxe4 0-1

[Event "Olimpiade 2014 - Open"]
[Site "Tromsø"]
[Date "08.08.2014"]
[Round "6.37"]
[Board "3"]
[White "Anarkulov, Alisher"]
[Black "Ibarra Chami, Luis Fernando"]
[Result "1/2-1/2"]
[BlackTitle "IM"]
[WhiteElo "2222"]
[BlackElo "2467"]
[WhiteTeam "ICCD"]
[BlackTeam "Mexico"]
[WhiteFideId "14201038"]
[BlackFideId "5105048"]
[EventDate "2014.08.02"]

1. e4 c5 2. Nf3 d6 3. Bb5+ Nd7 4. c3 Nf6 5. Qe2 a6 6. Ba4 Qc7 7. O-O b5 8. Bc2
Ne5 9. Nxe5 dxe5 10. a4 Rb8 11. axb5 axb5 12. f4 exf4 13. d4 cxd4 14. cxd4 f3
15. gxf3 e5 16. Nc3 Qb6 17. Kh1 exd4 18. Nxb5 Bd7 19. Na3 Bxa3 20. Rxa3 O-O 21.
Rg1 Rbc8 22. Bd3 Nh5 23. Ra6 Qc5 24. Bd2 Qe7 25. Rh6 Qe5 26. Qf2 Nf4 27. Bxf4
Qxf4 28. Rh4 Qe3 29. Qxe3 dxe3 30. Re1 Rb8 31. e5 g6 32. b4 Rb6 33. Rd4 Bc6 34.
Kg2 Rfb8 35. Rd6 Bb5 36. Rxb6 Rxb6 37. Bxb5 Rxb5 38. Rb1 Rxe5 39. f4 Re6 40. b5
Kg7 41. Kf1 e2+ 42. Ke1 Kf6 43. b6 Re8 44. b7 Rb8 45. Kxe2 Ke6 46. Ke3 Kd5 47.
f5 1/2-1/2

[Event "Olimpiade 2014 - Open"]
[Site "Tromsø"]
[Date "08.08.2014"]
[Round "6.37"]
[Board "4"]
[White "Torres Rosas, Luis Carlos"]
[Black "Ghadimi, Mohammed Reza"]
[Result "1-0"]
[WhiteTitle "CM"]
[WhiteElo "2351"]
[BlackElo "2172"]
[WhiteTeam "Mexico"]
[BlackTeam "ICCD"]
[WhiteFideId "5111080"]
[BlackFideId "24636789"]
[EventDate "2014.08.02"]

1. d4 Nf6 2. c4 e6 3. Nc3 Bb4 4. e3 O-O 5. Bd3 d5 6. Nf3 c5 7. O-O dxc4 8. Bxc4
b6 9. a3 Bxc3 10. bxc3 Bb7 11. Re1 Nbd7 12. Bd3 Be4 13. Bb2 Qc7 14. c4 Rfd8 15.
Rc1 Qb7 16. Bxe4 Nxe4 17. Qe2 Rac8 18. Red1 Qa6 19. Rc2 Qa4 20. Qd3 Ndf6 21.
Rdc1 cxd4 22. exd4 Nc5 23. Qe2 Nb3 24. Re1 Na5 25. Ne5 Nd7 26. Nxf7 Kxf7 27.
Qxe6+ Kf8 28. Qe7+ Kg8 29. d5 Nf6 30. Bxf6 gxf6 31. Rc3 Qe8 32. Rg3+ Qg6 33.
Rxg6+ hxg6 34. Qxf6 Re8 35. Qxg6+ Kf8 1-0

[Event "Olimpiade 2014 - Open"]
[Site "Tromsø"]
[Date "08.08.2014"]
[Round "6.38"]
[Board "1"]
[White "Nyback, Tomi"]
[Black "Arias, Lemnys A."]
[Result "1-0"]
[WhiteTitle "GM"]
[BlackTitle "IM"]
[WhiteElo "2591"]
[BlackElo "2329"]
[WhiteTeam "Finland"]
[BlackTeam "El Salvador"]
[WhiteFideId "503142"]
[BlackFideId "6700284"]
[EventDate "2014.08.02"]

1. d4 d5 2. c4 c6 3. Nf3 Nf6 4. Nc3 a6 5. c5 g6 6. Bf4 Bg7 7. h3 Ne4 8. e3 Nxc3
9. bxc3 Qa5 10. Qd2 Nd7 11. Rc1 e5 12. Bg3 O-O 13. Be2 Re8 14. O-O exd4 15. exd4
Nf6 16. Bf4 Bf5 17. Qb2 Rad8 18. Rfe1 Rd7 19. g4 Be6 20. Bd3 Qd8 21. Qd2 Ne4 22.
Bxe4 dxe4 23. Rxe4 f5 24. gxf5 Bxf5 25. Bg5 Qc8 26. Rxe8+ Qxe8 27. Re1 Qf7 28.
Ne5 Bxe5 29. Rxe5 h5 30. Qe3 Kh7 31. Re8 Qg7 32. h4 Rf7 33. Rb8 Rd7 34. Bf4 Qe7
35. Qe5 Qg7 36. Qe3 Qe7 37. Qxe7+ Rxe7 38. Be5 g5 39. hxg5 Kg6 40. Rf8 Be6 41.
f4 Rf7 42. Rg8+ Kf5 43. a3 Rh7 44. Rf8+ Bf7 45. Kh2 h4 46. Kh3 1-0

[Event "Olimpiade 2014 - Open"]
[Site "Tromsø"]
[Date "08.08.2014"]
[Round "6.38"]
[Board "2"]
[White "Burgos Figueroa, Carlos E."]
[Black "Agopov, Mikael"]
[Result "1-0"]
[WhiteTitle "IM"]
[BlackTitle "IM"]
[WhiteElo "2258"]
[BlackElo "2431"]
[WhiteTeam "El Salvador"]
[BlackTeam "Finland"]
[WhiteFideId "6700187"]
[BlackFideId "501840"]
[EventDate "2014.08.02"]

1. e4 c5 2. Nc3 a6 3. a4 Nc6 4. g3 g6 5. Bg2 Bg7 6. d3 e6 7. Nge2 Nge7 8. Bg5 h6
9. Be3 Nd4 10. O-O d5 11. exd5 exd5 12. Nf4 Be6 13. Re1 O-O 14. Qc1 Kh7 15. Nce2
Qd7 16. Nxd4 cxd4 17. Bd2 Rfc8 18. Bb4 Nf5 19. Re2 Rc6 20. Qe1 Rac8 21. Rc1 h5
22. Bh3 Bf6 23. Nxe6 fxe6 24. Bxf5 gxf5 25. Qf1 Rb6 26. Ba3 Qxa4 27. Rce1 Qd7
28. f4 Kg6 29. Qf3 Rh8 30. h3 Kf7 31. Rg2 Qc8 32. Ree2 Rc6 33. g4 hxg4 34. hxg4
fxg4 35. Qxg4 Qg8 36. Qf3 Qh7 37. Rh2 Rg8+ 38. Kf1 Qf5 39. Ke1 Rcc8 40. Rh5 Qg4
41. Rh7+ Ke8 42. Qxg4 1-0

[Event "Olimpiade 2014 - Open"]
[Site "Tromsø"]
[Date "08.08.2014"]
[Round "6.38"]
[Board "3"]
[White "Sipila, Vilka"]
[Black "Chavez, Ricardo Ernesto"]
[Result "1-0"]
[WhiteTitle "IM"]
[BlackTitle "FM"]
[WhiteElo "2425"]
[BlackElo "2165"]
[WhiteTeam "Finland"]
[BlackTeam "El Salvador"]
[WhiteFideId "505455"]
[BlackFideId "6700098"]
[EventDate "2014.08.02"]

1. b4 e5 2. Bb2 d6 3. e4 Nf6 4. Nc3 Be7 5. Nf3 O-O 6. d4 Nc6 7. b5 Nxd4 8. Nxd4
exd4 9. Qxd4 Re8 10. Be2 c5 11. Qd3 Be6 12. Rd1 Qa5 13. O-O Rad8 14. a3 d5 15.
exd5 Nxd5 16. Nxd5 Rxd5 17. Qe4 Qd8 18. Bf3 Rd7 19. Rxd7 Qxd7 20. Qxb7 Qxb7 21.
Bxb7 Rb8 22. Bc6 Bc4 23. Be5 Rd8 24. Re1 Kf8 25. a4 f6 26. Bc7 Rc8 27. Bg3 Kf7
28. a5 Bd8 29. Ra1 Bc7 30. Bb7 Rb8 31. Bxc7 Rxb7 32. b6 axb6 33. axb6 Be6 34. f4
c4 35. Kf2 Bf5 36. Ke3 Ke7 37. Kd4 Kd7 38. c3 Bd3 39. Kc5 h5 40. Ra8 g6 41. Rd8+
Ke7 42. Rd4 Bf1 43. g3 Ke6 44. Rxc4 Bxc4 45. Kxc4 g5 46. Kc5 Kd7 47. Kd5 h4 48.
f5 hxg3 49. hxg3 1-0

[Event "Olimpiade 2014 - Open"]
[Site "Tromsø"]
[Date "08.08.2014"]
[Round "6.38"]
[Board "4"]
[White "Giron, Jorge Ernesto"]
[Black "Ebeling, Daniel"]
[Result "0-1"]
[WhiteTitle "CM"]
[BlackTitle "FM"]
[WhiteElo "2103"]
[BlackElo "2445"]
[WhiteTeam "El Salvador"]
[BlackTeam "Finland"]
[WhiteFideId "6702309"]
[BlackFideId "505170"]
[EventDate "2014.08.02"]

1. e4 e5 2. Nf3 Nc6 3. Bb5 f5 4. d3 fxe4 5. dxe4 Nf6 6. O-O d6 7. Ng5 h6 8. f4
hxg5 9. fxg5 Bg4 10. Qd3 Nh5 11. Bc4 Nf4 12. Bxf4 exf4 13. Qd5 Qd7 14. Rxf4
O-O-O 15. h3 Bh5 16. Nd2 Ne5 17. Raf1 Kb8 18. Bb3 Be7 19. h4 Be8 20. Qd4 Qb5 21.
g3 Qb6 22. Qxb6 axb6 23. Be6 Bh5 24. Kg2 b5 25. Rh1 Rdf8 26. Bf5 c6 27. Rhf1 Bd8
28. Bh3 Rf7 29. Be6 Re7 30. Bf5 Bb6 31. Bh3 Be3 32. Rf8+ Re8 33. Rxh8 Rxh8 34.
Nb3 Kc7 35. g4 Bf7 36. Re1 Bb6 37. Kg3 Rxh4 0-1

[Event "Olimpiade 2014 - Open"]
[Site "Tromsø"]
[Date "08.08.2014"]
[Round "6.39"]
[Board "1"]
[White "Cuartas, Jaime Alexander"]
[Black "Djukic, Nikola"]
[Result "1/2-1/2"]
[WhiteTitle "GM"]
[BlackTitle "GM"]
[WhiteElo "2489"]
[BlackElo "2521"]
[WhiteTeam "Colombia"]
[BlackTeam "Montenegro"]
[WhiteFideId "4401190"]
[BlackFideId "922412"]
[EventDate "2014.08.02"]

1. e4 c5 2. Nf3 Nc6 3. d4 cxd4 4. Nxd4 Qc7 5. Nc3 e6 6. f4 Nxd4 7. Qxd4 a6 8.
Be2 b5 9. Be3 Bb7 10. O-O-O Rc8 11. a3 Nf6 12. Bd3 Ng4 13. Na2 e5 14. fxe5 Nxe3
15. Qxe3 Qxe5 16. Kb1 g6 17. c3 Bg7 18. Bc2 Bc6 19. Qd4 O-O 20. Qxe5 Bxe5 21.
Nb4 a5 22. Nxc6 dxc6 23. h3 b4 24. axb4 axb4 25. c4 Ra8 26. Bb3 c5 27. Kc2 Ra7
28. Ra1 Rfa8 29. Rxa7 Rxa7 30. Rd1 Bd4 31. Rxd4 cxd4 32. Kd3 Ra1 33. c5 Kf8 34.
c6 Ke7 35. e5 Rb1 36. Kxd4 Rxb2 37. Kc4 Kd8 38. Kxb4 Kc7 39. Kc3 Rxg2 40. Bxf7
Kxc6 41. Be6 Kc5 42. Kd3 Rg1 43. Ke3 Re1+ 44. Kf4 Kd4 45. Bg8 h6 46. e6 Kd5 47.
Bf7 Rf1+ 48. Ke3 Kd6 49. Bxg6 Kxe6 50. h4 Kf6 51. h5 Kg5 52. Ke4 Rf2 53. Ke3 Rf4
54. Ke2 Kg4 55. Ke3 Kg3 56. Be4 Rf7 57. Bg6 Re7+ 58. Kd4 Kf4 59. Kd3 Re6 60. Kd2
Kf3 61. Kd3 Rd6+ 62. Kc3 Kf4 63. Kc4 Ke5 64. Kc3 Rd4 65. Bh7 Kd5 66. Bg6 Kc5 67.
Bh7 Rd5 68. Bg6 Rd7 69. Be4 Rd4 70. Bg6 Rd5 71. Bf7 Rf5 72. Bg6 Rf3+ 73. Kd2 Kd4
74. Ke2 Rh3 75. Kf2 Ke5 76. Ke2 Kf4 77. Kd2 Re3 78. Bf7 Ke4 79. Be8 Kd4 80. Bg6
Re5 81. Kc2 Re2+ 82. Kb3 Rf2 83. Bh7 Rf7 84. Bg6 Rc7 85. Bf5 Rc3+ 86. Kb4 Rc6
87. Kb3 Ke5 88. Bd7 Rc7 89. Be8 Kf6 90. Kb4 Ke7 91. Bg6 Rc6 92. Be4 Re6 93. Bh7
Kf6 94. Kc4 Kg5 95. Bg6 Rxg6 96. hxg6 Kxg6 1/2-1/2

[Event "Olimpiade 2014 - Open"]
[Site "Tromsø"]
[Date "08.08.2014"]
[Round "6.39"]
[Board "2"]
[White "Blagojevic, Dragisa"]
[Black "Rios, Cristhian Camilo"]
[Result "1/2-1/2"]
[WhiteTitle "GM"]
[BlackTitle "IM"]
[WhiteElo "2505"]
[BlackElo "2427"]
[WhiteTeam "Montenegro"]
[BlackTeam "Colombia"]
[WhiteFideId "900885"]
[BlackFideId "4403940"]
[EventDate "2014.08.02"]

1. d4 Nf6 2. c4 e6 3. g3 Bb4+ 4. Bd2 c5 5. Bxb4 cxb4 6. Bg2 O-O 7. e4 d6 8. Ne2
e5 9. Nd2 Nc6 10. d5 Nb8 11. a3 Na6 12. Nc1 bxa3 13. Rxa3 Nb4 14. Na2 Nxa2 15.
Rxa2 a5 16. O-O Ra6 17. Qc2 Nd7 18. Rfa1 Qc7 19. Qc3 b6 20. b4 axb4 21. Qxb4 Nc5
22. Rxa6 Bxa6 23. Bf1 g6 24. Nb3 Ra8 25. Nxc5 bxc5 26. Qe1 Kg7 27. Ra2 Bb7 28.
Rxa8 Bxa8 29. Qa1 Bb7 30. Qa7 Qd7 31. Qb8 1/2-1/2

[Event "Olimpiade 2014 - Open"]
[Site "Tromsø"]
[Date "08.08.2014"]
[Round "6.39"]
[Board "3"]
[White "Martinez Romero, Martin"]
[Black "Drasko, Milan"]
[Result "1/2-1/2"]
[WhiteTitle "IM"]
[BlackTitle "GM"]
[WhiteElo "2387"]
[BlackElo "2437"]
[WhiteTeam "Colombia"]
[BlackTeam "Montenegro"]
[WhiteFideId "4404025"]
[BlackFideId "900397"]
[EventDate "2014.08.02"]

1. e4 e6 2. d4 d5 3. Nc3 Bb4 4. e5 Ne7 5. a3 Bxc3+ 6. bxc3 c5 7. a4 Qc7 8. Nf3
h6 9. dxc5 Ng6 10. Bb5+ Nd7 11. O-O O-O 12. Bxd7 Bxd7 13. Qd4 Rfc8 14. Be3 b6
15. cxb6 axb6 16. Bd2 Ra6 17. Rfe1 Rca8 18. Qg4 Rxa4 19. Rxa4 Rxa4 20. Nd4 Qa7
21. Qd1 b5 22. Nb3 Qc7 23. Qf3 Re4 24. Rxe4 dxe4 25. Qxe4 Qxe5 26. Qxe5 Nxe5 27.
Na5 Nc4 28. Nxc4 bxc4 29. f4 Ba4 30. Be3 h5 31. h3 Bxc2 32. Kf2 Kh7 33. g4 f6
34. Kg3 Kg6 35. Bd4 Bd1 36. Kh4 Be2 37. Kg3 Kf7 38. Kh4 hxg4 39. hxg4 Bd3 40. g5
Kg6 41. gxf6 gxf6 42. Kg3 Kf5 43. Kf3 Bc2 1/2-1/2

[Event "Olimpiade 2014 - Open"]
[Site "Tromsø"]
[Date "08.08.2014"]
[Round "6.39"]
[Board "4"]
[White "Kosic, Dragan"]
[Black "Sanchez, Sebastian Felipe"]
[Result "1-0"]
[WhiteTitle "GM"]
[BlackTitle "IM"]
[WhiteElo "2486"]
[BlackElo "2391"]
[WhiteTeam "Montenegro"]
[BlackTeam "Colombia"]
[WhiteFideId "900290"]
[BlackFideId "4403304"]
[EventDate "2014.08.02"]

1. d4 Nf6 2. Nf3 e6 3. Bf4 c5 4. e3 Qb6 5. Nc3 Nc6 6. a3 a6 7. Be2 Nh5 8. dxc5
Bxc5 9. Bg5 h6 10. Bh4 g5 11. Nd2 Ng7 12. Na4 Qa5 13. Nxc5 Qxc5 14. Bg3 d5 15.
c4 Nf5 16. cxd5 exd5 17. Rc1 Qe7 18. Nb3 O-O 19. O-O Rd8 20. Bd3 Nxg3 21. hxg3
Ne5 22. Bb1 Bg4 23. Qd4 Be2 24. Rfe1 Bc4 25. Na5 f6 26. b3 Bb5 27. Qb6 Rab8 28.
Rc7 Nd7 29. Qd4 Qd6 30. Rxb7 Ne5 31. f4 Nc6 32. Nxc6 Bxc6 33. Rh7 Rxb3 34. Rxh6
Rf8 35. Rg6+ Kh8 36. Kf2 Rxb1 37. Rxb1 Kh7 38. f5 1-0

[Event "Olimpiade 2014 - Open"]
[Site "Tromsø"]
[Date "08.08.2014"]
[Round "6.40"]
[Board "1"]
[White "Khairallah, Faisal"]
[Black "Ftacnik, Lubomir"]
[Result "0-1"]
[WhiteTitle "FM"]
[BlackTitle "GM"]
[WhiteElo "2307"]
[BlackElo "2571"]
[WhiteTeam "Lebanon"]
[BlackTeam "Slovakia"]
[WhiteFideId "4628250"]
[BlackFideId "14900017"]
[EventDate "2014.08.02"]

1. d4 Nf6 2. c4 g6 3. f3 Nc6 4. d5 Ne5 5. e4 d6 6. Nc3 Bg7 7. f4 Ned7 8. Nh3 O-O
9. Be2 Nb6 10. Nf2 e6 11. O-O exd5 12. cxd5 c6 13. dxc6 bxc6 14. Be3 Be6 15. Qd2
d5 16. e5 Nfd7 17. b4 f6 18. exf6 Qxf6 19. Rac1 Rae8 20. Rfd1 Qe7 21. a3 c5 22.
bxc5 Nxc5 23. Nxd5 Bxd5 24. Bxc5 Qxe2 25. Bxb6 Bb3 26. Qxe2 Rxe2 27. Rd3 Bb2 28.
Rf1 Bc4 29. Bxa7 Bxd3 30. Nxd3 Bxa3 31. g3 Rd8 32. Ne5 Rdd2 33. Rf2 Rc2 34. Ng4
Rxf2 35. Nxf2 Kf7 36. Kg2 Ke6 37. Kf3 Be7 38. Be3 Kd5 39. Ba7 Ra2 40. Be3 Ra3
41. Ke2 Bc5 42. Bxc5 Kxc5 43. Kf1 Kd4 44. Kg2 Ra2 45. Kf3 h5 46. h4 Ra3+ 47. Kg2
Ke3 48. Nd1+ Ke2 49. Nf2 Ra2 50. f5 Ke3 51. Kh3 Kxf2 52. g4 Ra3+ 0-1

[Event "Olimpiade 2014 - Open"]
[Site "Tromsø"]
[Date "08.08.2014"]
[Round "6.40"]
[Board "2"]
[White "Michalik, Peter"]
[Black "Kassis, Antoine LIB"]
[Result "1/2-1/2"]
[WhiteTitle "GM"]
[BlackTitle "FM"]
[WhiteElo "2586"]
[BlackElo "2157"]
[WhiteTeam "Slovakia"]
[BlackTeam "Lebanon"]
[WhiteFideId "14907526"]
[BlackFideId "5300150"]
[EventDate "2014.08.02"]

1. d4 d5 2. Nf3 Nf6 3. c4 c6 4. Nc3 dxc4 5. a4 Bf5 6. Nh4 Bc8 7. e3 e5 8. Bxc4
exd4 9. exd4 Be7 10. O-O O-O 11. Nf3 Na6 12. Ne5 Nb4 13. Qb3 Nfd5 14. Bd2 a5 15.
Ne4 Be6 16. Nc5 Bxc5 17. dxc5 Qe7 18. Bxb4 Nxb4 19. Bxe6 Qxe6 20. Qxe6 fxe6 21.
Nd7 Rf5 22. Rad1 Re8 23. f4 Rd5 24. Rxd5 exd5 25. Ne5 Na6 26. Rc1 g5 27. Ng4 Kg7
28. fxg5 Re4 29. h3 Rxa4 30. Kh2 Rc4 1/2-1/2

[Event "Olimpiade 2014 - Open"]
[Site "Tromsø"]
[Date "08.08.2014"]
[Round "6.40"]
[Board "3"]
[White "El Jawich, Amro"]
[Black "Petrik, Tomas"]
[Result "0-1"]
[WhiteTitle "FM"]
[BlackTitle "GM"]
[WhiteElo "2186"]
[BlackElo "2487"]
[WhiteTeam "Lebanon"]
[BlackTeam "Slovakia"]
[WhiteFideId "5300380"]
[BlackFideId "14901625"]
[EventDate "2014.08.02"]

1. Nf3 Nf6 2. g3 d5 3. Bg2 c6 4. O-O Bg4 5. h3 Bh5 6. c4 e6 7. Qb3 Qb6 8. Qxb6
axb6 9. d3 Nbd7 10. cxd5 exd5 11. Bf4 Bxf3 12. Bxf3 Nc5 13. Nd2 Ne6 14. e4 O-O-O
15. Nb3 dxe4 16. dxe4 Nxf4 17. gxf4 Rd3 18. Kg2 Be7 19. Rad1 Rhd8 20. Rxd3 Rxd3
21. Be2 Rd8 22. Kf3 Kc7 23. Rd1 Ra8 24. a3 b5 25. Nd4 Nd7 26. e5 Nc5 27. Bd3 Na4
28. Rd2 g6 29. Rc2 Kb6 30. Be4 Nc5 31. f5 Ra4 32. Rd2 Nxe4 33. Kxe4 c5 34. f6
Bf8 35. e6 fxe6 36. b4 cxd4 37. Rxd4 Kc7 38. Ke5 Ra6 39. Rd3 Bd6+ 40. Kxe6 Bxb4+
41. Kf7 0-1

[Event "Olimpiade 2014 - Open"]
[Site "Tromsø"]
[Date "08.08.2014"]
[Round "6.40"]
[Board "4"]
[White "Petenyi, Tamas"]
[Black "Bassel, Charaf"]
[Result "1-0"]
[WhiteTitle "IM"]
[WhiteElo "2453"]
[BlackElo "2160"]
[WhiteTeam "Slovakia"]
[BlackTeam "Lebanon"]
[WhiteFideId "14909090"]
[BlackFideId "5300657"]
[EventDate "2014.08.02"]

1. e4 e5 2. Nf3 Nc6 3. Bb5 Nf6 4. d3 d6 5. O-O Be7 6. Nbd2 O-O 7. c3 Re8 8. Re1
Bf8 9. Nf1 g6 10. Ng3 Bg7 11. d4 Bd7 12. d5 Ne7 13. Bxd7 Qxd7 14. c4 Nc8 15. Qd3
c5 16. dxc6 Qxc6 17. b3 a5 18. a4 Nd7 19. Ba3 Ra6 20. Ne2 Rb6 21. Rab1 Nc5 22.
Bxc5 dxc5 23. Nc3 Qd6 24. Qe3 Qf8 25. Red1 Rc6 26. Rd5 Nb6 27. Rd3 Na8 28. Nb5
Bh6 29. Qe1 b6 30. Rd7 Re7 31. Rbd1 Rce6 32. Qe2 Kg7 33. Qd3 Qc8 34. Qd5 Re8 35.
Rxf7+ Kh8 36. Nd6 1-0